000 00377nam a2200145Ia 4500
008 210716s2009 xx 000 0 und d
041 _aeng
082 _a005.42 GUNH
100 _aGundurao, H K; Manjunath, N S; Nachappa, M N.
245 _aOperating system.
250 _a1
260 _aMangalore
_bUnited Publishers
_c2009
300 _a232
650 _aOperating Systems
999 _c181803
_d181803